000 01082nam a2200361 b 4500
001 0000623
003 DO-SdBPM
005 20251030082336.0
007 ta
008 0506171994 xx spa
010 _a
017 _a
_b
020 _a0881131865
035 _a
040 _aDO-SdBPM
_bspa
_cBPMSU
_e rda
_d
082 4 _a231.3
_bS978m 1994
_222
100 1 _aSwindoll, Charles R.
_eautor
240 1 0 _aFlying closer to the flame
245 1 0 _aMás cerca de la llama :
_bla pasión por el Espititu Santo /
_cCharles R. Swindoll ; traducción Miguel Mesías
_h
260 _c
264 _aMiami, Estados Unidos :
_bEditorial Betania,
_c1994
300 _a256 páginas :
_c21 cm
336 _atexto
_btxt
_2rdacontent
337 _asin mediación
_bn
_2reamedia
338 _avolumen
_bnc
_2rdacarrier
590 _aInventariado, 2025/VM
650 7 _aEspíritu Santo
650 7 _aTeología dogmática.
650 7 _aVida espiritual
700 1 _aMesías, Miguel
_etraductor
910 _aVMateo V. Control de calidad. BPMSU
942 _2ddc
_cBK
999 _c11220
_d11220